000 01324naa a22003137a 4500
001 BR8803392
003 BR-BrBNA
005 20250721155331.0
007 ta
008 250630b bl.|||m| |||| 00| 0 por d
040 _aBR-BrBNA
_bpor
_cBiblioteca Nacional de Agricultura
041 _a(Pt)
072 _aF30
_b0180
090 _aF30 BR8803392
100 1 _aSousa, P.G.
100 1 _aLazzarotto, C.
100 1 _aRumiatto, M.
111 1 _a4. Reuniao da Comissao Centro-Sul-Brasileira de Pesquisa de Trigo
_cCampinas, SP (Brazil)
_d18-22 Jan 1988
245 1 _aLinhagens de trigo em nivel preliminar de experimentacao (segundo ano). Projeto 004.031-1 - avaliacao de germoplasma de trigo
246 1 _a[Wheat lineages experiments (second year). Project 004.031-1 - Evaluation of wheat germplasm]
246 1 _a[Wheat research results 1987]
500 _aResultados de pesquisa com trigo 1987 Dourados, MS (Brasil): 1988. p. 51-57 (BR8803392-AMS)
773 0 _tResultados de pesquisa com trigo 1987
_wF30 BR8803392
_gDourados, MS (Brasil), 1988. p. 51-57
650 _aTRIGO
650 _aCOMPORTAMENTO DE VARIEDADE
490 _aDocumentos - Unidade de Execucao de Pesquisa de Ambito Estadual de Dourados (Brazil)
_vno. 34
_xISSN 0102-5651
942 _cAMS
_2AGRIS
909 _a202506
_bLúcia
_c55
_dLúcia Elande
999 _c335936
_d335936